Statistics for Most Popular Gender-Neutral Names In The USA

Click here to take the quiz!

General Stats

  • This quiz has been taken 40 times
  • The average score is 8 of 20

Answer Stats

RankInitialAnswer% Correct
7QQuinn
73%
8JJordan
55%
4RRiley
55%
1PParker
52%
12RRyan
52%
3RRowan
48%
5AAvery
45%
6LLogan
42%
14NNoah
39%
9CCameron
36%
13DDylan
36%
10AAngel
33%
11CCarter
33%
16EEmery
33%
18KKai
33%
2RRiver
33%
17HHunter
30%
15EEzra
24%
20NNova
24%
19AAugust
21%

Score Distribution

Percentile by Number Answered

Percent of People with Each Score

Your Score History

You have not taken this quiz